Normal view
MARC view
- Bhagavatgita
Entry Topical Term
001 - CONTROL NUMBER
- control field: 89930
003 - CONTROL NUMBER IDENTIFIER
- control field: OSt
005 - DATE AND TIME OF LATEST TRANSACTION
- control field: 20220809080040.0
008 - FIXED-LENGTH DATA ELEMENTS
- fixed length control field: 220809|| aca||aabn | a|a d
040 ## - CATALOGING SOURCE
- Original cataloging agency: OSt
- Transcribing agency: OSt
150 ## - HEADING--TOPICAL TERM
- Topical term or geographic name entry element: Bhagavatgita
670 ## - SOURCE DATA FOUND
- Source citation: Work cat.: (OSt)49381: Gandhi,M.K. 89929, The massage of the Gita, 1959